Plantilla FC Barcelona Femení 2024/25 - Estadísticas

Estadísticas generales
  • Esta prueba ha sido intentada 162 veces
    88 desde el último reinicio
  • La puntuación promedio es 18 de 23
Estadísticas de respuestas
Dorsal Posición Jugadora % Correcto
11 MED Alexia Putellas
100%
14 MED Aitana Bonmatí
98%
13 POR Cata Coll
94%
4 DEF Mapi León
94%
22 DEF Ona Batlle
94%
2 DEF Irene Paredes
92%
10 DEL Caroline Graham Hansen
91%
7 DEL Salma Paralluelo
91%
9 DEL Claudia Pina
89%
19 DEL Vicky Lopez
89%
12 MED Patri Guijarro
87%
23 MED Ingrid Engen
81%
8 DEF Marta Torrejón
81%
5 DEF Jana Fernández
79%
1 POR Gemma Font
77%
18 DEL Kika Nazareth
75%
17 DEL Ewa Pajor
74%
16 DEL Fridolina Rolfö
74%
24 DEL Esmee Brugts
66%
21 MED Keira Walsh
66%
25 POR Ellie Roebuck
58%
28 (f) MED Alba Caño
49%
35 (f) DEF Judit Pujols
42%
No se encontraron pruebas coincidentes
Distribución de puntuación
Porcentaje de gente con cada puntuación
Porcentaje por número respondido
Historial de tus puntuaciones
No has intentado esta prueba desde el último reinicio